Metallica - Kill 'Em All Songs - Statistics

General Stats
  • This quiz has been taken 30 times
  • The average score is 8 of 10
Answer Stats
Spotify Streams Song % Correct
337,820,797 Seek And Destroy
100%
131,904,187 The Four Horsemen
95%
63,057,304 Hit The Lights
89%
104,059,095 Whiplash
89%
27,952,463 (Anesthesia) Pulling Teeth
84%
25,799,9562 Phantom Lord
79%
44,734,867 Jump In The Fire
74%
31,818,098 Metal Militia
74%
63,833,219 Motorbreath
74%
35,376,500 No Remorse
58%
No matching quizzes found
Score Distribution
Percent of People with Each Score
Percentile by Number Answered
Your Score History
You have not taken this quiz